2024年開業の日本の鉄道駅 - Statistics

General Stats
  • This quiz has been taken 135 times
  • The average score is 4 of 6
Answer Stats
Hint Answer % Correct
北大阪急行電鉄 箕面萱野駅
85%
IRいしかわ鉄道 西松任駅
70%
北大阪急行電鉄 箕面船場阪大前駅
69%
JR西日本 越前たけふ駅
59%
西日本鉄道 桜並木駅
59%
名古屋鉄道 加木屋中ノ池駅
39%
No matching quizzes found
Score Distribution
Percent of People with Each Score
Percentile by Number Answered
Your Score History
You have not taken this quiz